Normal view
MARC view
Entry Personal Name
001 - CONTROL NUMBER
- control field: 6281
003 - CONTROL NUMBER IDENTIFIER
- control field:
005 - DATE AND TIME OF LATEST TRANSACTION
- control field: 20210601175940.0
008 - FIXED-LENGTH DATA ELEMENTS
- fixed length control field: 210601|| aca||aabn | a|a d
040 ## - CATALOGING SOURCE
- Original cataloging agency:
- Transcribing agency:
100 ## - HEADING--PERSONAL NAME
- Personal name: India .
- Numeration: Prime Minister (1964-1966 : Lal Bahadur Shastri)
670 ## - SOURCE DATA FOUND
- Source citation: Work cat.: (): India . Prime Minister (1964-1966 : Lal Bahadur Shastri), Prime Minister Lal Bahadur Shastri's Broadcast to the nation, June 11, 1964, 1964
